01221nabaa22002297a 4500999001500000003000400015005001700019008004100036040000700077100003100084245016400115300001500279500003700294505028700331505008900618650003200707650004700739650003300786650003800819773012100857942001300978 c6159d6159OSt20260123201627.0190701b xxu||||| |||| 00| 0 spa d cPJ 934aPerrino, Pablo Esteban10aBreves reflexiones sobre el principio de legalidad de la administración, las potestades administrativas y las restricciones de derechos /cPablo E. Perrino.  ap. 174-185 aCita: TR LALEY AR/DOC/3193/2023  aSumario: I. Principio de legalidad y Estado de derecho.— II. Fundamento constitucional.— III. Relación entre la legalidad y la administración.— IV. Principio de legalidad y potestades administrativas implícitas.— V. Principio de legalidad y restricciones de derechos.  t¿Te interesa el texto completo? Comunicate al correo: koha@justierradelfuego.gov.ar 09211aDERECHO ADMINISTRATIVO 09615aDERECHOS Y GARANTIAS CONSTITUCIONALES 092977aCONTROL DE LEGITIMIDAD 096796aGRATUIDAD DEL PROCEDIMIENTO0 0284293251dBuenos Aires : AbeledoPerrot, 2012-oDA121tDerecho administrativo. Nº 151 enero/febrero 2024z18510590 2udccANA